|
|
|
|
| LEADER |
01289nam a22003017a 4500 |
| 001 |
39322 |
| 003 |
BD-DhAAL |
| 008 |
220811t2012 enk 001 0 eng d |
| 999 |
|
|
|c 44468
|d 44468
|
| 010 |
|
|
|a 99492083
|
| 020 |
|
|
|a 9780141974835
|
| 040 |
|
|
|a BD-DhAAL
|c BD-DhAAL
|
| 082 |
0 |
0 |
|a 345.0235
|
| 100 |
1 |
|
|a Robertson, Geoffrey.
|9 50806
|
| 245 |
1 |
0 |
|a Crimes against humanity :
|b the struggle for global justice /
|c Geoffrey Robertson.
|
| 250 |
|
|
|a Fourth edition
|
| 260 |
|
|
|a London :
|b Penguin Books,
|c c2012.
|
| 300 |
|
|
|a xli, 959 pages ;
|c 24 cm.
|
| 500 |
|
|
|a Includes index.
|
| 526 |
|
|
|a SOL
|
| 541 |
|
|
|a Karim International
|e 39322, 39323
|
| 650 |
|
0 |
|a Crimes against humanity (International law).
|9 50807
|
| 650 |
|
0 |
|a Human rights.
|9 50808
|
| 650 |
|
0 |
|a Law.
|9 50809
|
| 852 |
|
|
|a Ayesha Abed Library
|c General Stacks
|
| 942 |
|
|
|2 ddc
|c BK
|
| 952 |
|
|
|0 0
|1 0
|2 ddc
|4 0
|6 345_023500000000000_ROB
|7 0
|9 71584
|a BRACUL
|b BRACUL
|c GEN
|d 2022-08-04
|e Trim Education
|g 1480.00
|l 5
|m 44
|o 345.0235 ROB
|p 3010039323
|r 2025-07-13
|s 2025-03-13
|t 2
|v 1480.00
|w 2022-08-04
|y BK
|x Funded by UNHCR
|
| 952 |
|
|
|0 0
|1 0
|2 ddc
|4 0
|6 345_023500000000000_ROB
|7 0
|9 71585
|a BRACUL
|b BRACUL
|c GEN
|d 2022-08-04
|e Trim Education
|g 1480.00
|l 2
|m 26
|o 345.0235 ROB
|p 3010039322
|r 2026-01-13
|s 2025-06-29
|t 1
|v 1480.00
|w 2022-08-04
|y BK
|x Funded by UNHCR
|